| 000 | 00620nam a22001697a 4500 | ||
|---|---|---|---|
| 003 | OSt | ||
| 005 | 20171010095459.0 | ||
| 008 | 120720t xxu||||| |||| 00| 0 eng d | ||
| 040 |
_aMMSU _cULS |
||
| 100 |
_aPablo, Analiza P. _911358 |
||
| 245 |
_aPhytochemical screening, antibacterial effect and wound healing potential of jackfruit (Artocarpus heterophyllus) leaf extract _cAnaliza P. Pablo |
||
| 260 | _c2008 | ||
| 300 |
_axv, 50 leaves _c28 cm. |
||
| 500 | _aThesis (BS Biology) -- Mariano Marcos State University-College of Arts & Sciences, Batac City | ||
| 504 | _aBibliography: leaf 35 | ||
| 942 |
_2ddc _cTHEDIS |
||
| 999 |
_c9651 _d9651 |
||